Normal view
MARC view
- النظام الاداري في الاسلام-عصر صدر الاسلام- عمر بن الخطاب
Entry Topical Term
001 - CONTROL NUMBER
- control field: 51529
003 - CONTROL NUMBER IDENTIFIER
- control field: JO-AjAnu
005 - DATE AND TIME OF LATEST TRANSACTION
- control field: 20230606082457.0
008 - FIXED-LENGTH DATA ELEMENTS
- fixed length control field: 230606|| aca||aabn | a|a d
040 ## - CATALOGING SOURCE
- Original cataloging agency: JO-AjAnu
- Transcribing agency: JO-AjAnu
150 ## - HEADING--TOPICAL TERM
- Topical term or geographic name entry element: النظام الاداري في الاسلام-عصر صدر الاسلام- عمر بن الخطاب
670 ## - SOURCE DATA FOUND
- Source citation: Work cat.: (JO-AjAnu)26338: مجدلاوي، فاروق ؛ تقديم أحمد شلبي, author 51528, الإدارة الإسلامية في عهد عمر بن الخطاب 12هـ - 22هـ - 634م- 644م